Score 0/15 Timer 02:00
0 Plays Today
Clue 4-Letter Answer % Correct
• A period of time without eating •• FAST •
98.2%
Used to stabilize broken bonesCAST
97.6%
Misbehaving childBRAT
97.3%
The price of an itemCOST
97.1%
Basic unit of time in musicBEAT
97%
Of the absolutely finest qualityBEST
97%
A type of gaming machine found in Las VegasSLOT
95.7%
A celebration/partyFEST
95.6%
Clue 4-Letter Answer % Correct
Coagulated bloodCLOT
94.6%
• Bric-à-___• (THE) BRAC •
92.9%
A foolish, old personCOOT
92.6%
A long, narrow strip of woodSLAT
88.4%
Chain of ice cream stores - Marble ____SLAB
69.2%
• A group of people organized for a certain purpose •• CLUB •
64.7%
A lump or thick place in yarnSLUB
57.4%

Today's Daily Dose

Word Ladder
Folklore Song

Get the Picture
'B' Sanders

Remove Ads.
Support Sporcle.
Get the best of Sporcle when you Go Orange. This ad-free experience offers more features, more stats, and more fun while also helping to support Sporcle. Thank you for becoming a member.

You're not logged in!

Compare scores with friends on all Sporcle quizzes.
OR
Log In

Show Comments

Extras

Top Quizzes Today


Score Distribution

Your Account Isn't Verified!

In order to create a playlist on Sporcle, you need to verify the email address you used during registration. Go to your Sporcle Settings to finish the process.

Report this User

Report this user for behavior that violates our Community Guidelines.

Details: